| 000 | 00360nam a2200157Ia 4500 | ||
|---|---|---|---|
| 008 | 230524s9999 xx 000 0 und d | ||
| 082 |
_a612 _bKHU |
||
| 100 |
_aA.K.Khurana _923704 |
||
| 245 | 0 | _aOphthalmology | |
| 250 | _a3RD | ||
| 260 |
_aNEW DELHI _bNAI _c2005 |
||
| 300 | _aIV;545 | ||
| 500 | _aQuantity Number: 1 | ||
| 650 | _aBiomedical | ||
| 942 | _cBK | ||
| 999 |
_c35247 _d35247 |
||